<?xml version="1.0" encoding="UTF-8"?>
<record
    xmlns:xsi="http://www.w3.org/2001/XMLSchema-instance"
    xsi:schemaLocation="http://www.loc.gov/MARC21/slim http://www.loc.gov/standards/marcxml/schema/MARC21slim.xsd"
    xmlns="http://www.loc.gov/MARC21/slim">

  <leader>01308nam a2200241   4500</leader>
  <controlfield tag="003">NALT</controlfield>
  <controlfield tag="005">20250722131832.0</controlfield>
  <controlfield tag="008">191223b        th ||||| |||| 00| 0 tha d</controlfield>
  <datafield tag="020" ind1=" " ind2=" ">
    <subfield code="a">9786164860049</subfield>
  </datafield>
  <datafield tag="040" ind1=" " ind2=" ">
    <subfield code="a">NALT</subfield>
  </datafield>
  <datafield tag="050" ind1=" " ind2=" ">
    <subfield code="a">DS 587.32</subfield>
    <subfield code="b">&#xE1B;472&#xE1B; 2562</subfield>
  </datafield>
  <datafield tag="245" ind1="0" ind2="0">
    <subfield code="a">&#xE1B;&#xE23;&#xE35;&#xE14;&#xE35;&#xE1A;&#xE23;&#xE23;&#xE13;&#xE32;&#xE19;&#xE38;&#xE2A;&#xE23;&#xE13;&#xE4C; 2562 : </subfield>
    <subfield code="b">&#xE04;&#xE27;&#xE32;&#xE21;&#xE2B;&#xE27;&#xE31;&#xE07;&#xE41;&#xE25;&#xE30;&#xE2D;&#xE19;&#xE32;&#xE04;&#xE15;&#xE1B;&#xE23;&#xE30;&#xE40;&#xE17;&#xE28;&#xE44;&#xE17;&#xE22; /</subfield>
    <subfield code="c">&#xE01;&#xE29;&#xE34;&#xE14;&#xE34;&#xE28; &#xE2D;&#xE19;&#xE31;&#xE19;&#xE17;&#xE19;&#xE32;&#xE18;&#xE23; &#xE1A;&#xE23;&#xE23;&#xE13;&#xE32;&#xE18;&#xE34;&#xE01;&#xE32;&#xE23;.</subfield>
  </datafield>
  <datafield tag="250" ind1=" " ind2=" ">
    <subfield code="a">&#xE1E;&#xE34;&#xE21;&#xE1E;&#xE4C;&#xE04;&#xE23;&#xE31;&#xE49;&#xE07;&#xE41;&#xE23;&#xE01; </subfield>
  </datafield>
  <datafield tag="260" ind1=" " ind2=" ">
    <subfield code="a">&#xE01;&#xE23;&#xE38;&#xE07;&#xE40;&#xE17;&#xE1E;&#xE2F; :</subfield>
    <subfield code="b">&#xE2A;&#xE22;&#xE32;&#xE21;&#xE1B;&#xE23;&#xE34;&#xE17;&#xE31;&#xE28;&#xE19;&#xE4C;,</subfield>
    <subfield code="c">2562.</subfield>
  </datafield>
  <datafield tag="300" ind1=" " ind2=" ">
    <subfield code="a">215 &#xE2B;&#xE19;&#xE49;&#xE32; : </subfield>
    <subfield code="b">&#xE20;&#xE32;&#xE1E;&#xE1B;&#xE23;&#xE30;&#xE01;&#xE2D;&#xE1A;, &#xE41;&#xE1C;&#xE19;&#xE17;&#xE35;&#xE48; ;</subfield>
    <subfield code="c">21 &#xE0B;&#xE21;.</subfield>
  </datafield>
  <datafield tag="500" ind1=" " ind2=" ">
    <subfield code="a">&#xE2B;&#xE19;&#xE31;&#xE07;&#xE2A;&#xE37;&#xE2D;&#xE17;&#xE35;&#xE48;&#xE23;&#xE30;&#xE25;&#xE36;&#xE01;&#xE43;&#xE19;&#xE27;&#xE32;&#xE23;&#xE30; 119 &#xE1B;&#xE35;&#xE0A;&#xE32;&#xE15;&#xE01;&#xE32;&#xE25; &#xE28;&#xE32;&#xE2A;&#xE15;&#xE23;&#xE32;&#xE08;&#xE32;&#xE23;&#xE22;&#xE4C; &#xE14;&#xE23;.&#xE1B;&#xE23;&#xE35;&#xE14;&#xE35; &#xE1E;&#xE19;&#xE21;&#xE22;&#xE07;&#xE04;&#xE4C;.</subfield>
  </datafield>
  <datafield tag="600" ind1="0" ind2="4">
    <subfield code="a">&#xE1B;&#xE23;&#xE35;&#xE14;&#xE35; &#xE1E;&#xE19;&#xE21;&#xE22;&#xE07;&#xE04;&#xE4C;</subfield>
    <subfield code="x">&#xE07;&#xE32;&#xE19;&#xE09;&#xE25;&#xE2D;&#xE07;&#xE04;&#xE23;&#xE1A;&#xE23;&#xE2D;&#xE1A;&#xE1B;&#xE35;</subfield>
    <subfield code="9">66335</subfield>
  </datafield>
  <datafield tag="651" ind1=" " ind2="4">
    <subfield code="9">76</subfield>
    <subfield code="a">&#xE44;&#xE17;&#xE22;</subfield>
    <subfield code="x">&#xE01;&#xE32;&#xE23;&#xE40;&#xE21;&#xE37;&#xE2D;&#xE07;&#xE41;&#xE25;&#xE30;&#xE01;&#xE32;&#xE23;&#xE1B;&#xE01;&#xE04;&#xE23;&#xE2D;&#xE07;</subfield>
  </datafield>
  <datafield tag="700" ind1="0" ind2=" ">
    <subfield code="a">&#xE01;&#xE29;&#xE34;&#xE14;&#xE34;&#xE28; &#xE2D;&#xE19;&#xE31;&#xE19;&#xE17;&#xE19;&#xE32;&#xE18;&#xE23;.</subfield>
    <subfield code="9">24030</subfield>
  </datafield>
  <datafield tag="850" ind1=" " ind2=" ">
    <subfield code="a">NALT</subfield>
  </datafield>
  <datafield tag="942" ind1=" " ind2=" ">
    <subfield code="c">GB</subfield>
    <subfield code="2">lcc</subfield>
  </datafield>
  <datafield tag="999" ind1=" " ind2=" ">
    <subfield code="c">96561</subfield>
    <subfield code="d">96561</subfield>
  </datafield>
  <datafield tag="998" ind1=" " ind2=" ">
    <subfield code="j">104</subfield>
    <subfield code="k"> &#xE19;&#xE32;&#xE07;&#xE2A;&#xE32;&#xE27;&#xE2A;&#xE32;&#xE22;&#xE1D;&#xE19;  &#xE14;&#xE35;&#xE07;&#xE32;&#xE21;</subfield>
  </datafield>
  <datafield tag="952" ind1=" " ind2=" ">
    <subfield code="0">0</subfield>
    <subfield code="1">0</subfield>
    <subfield code="2">lcc</subfield>
    <subfield code="4">0</subfield>
    <subfield code="7">0</subfield>
    <subfield code="8">CGBL</subfield>
    <subfield code="a">NALT</subfield>
    <subfield code="b">NALT</subfield>
    <subfield code="c">GEN</subfield>
    <subfield code="d">2019-12-23</subfield>
    <subfield code="l">1</subfield>
    <subfield code="o">DS 587.32 &#xE1B;472&#xE1B; 2562</subfield>
    <subfield code="p">3961210093</subfield>
    <subfield code="r">2021-10-20 00:00:00</subfield>
    <subfield code="s">2020-03-17</subfield>
    <subfield code="w">2019-12-23</subfield>
    <subfield code="y">GB</subfield>
  </datafield>
</record>
